NBA PPG Leaders Year By Year - Statistics

General Stats
  • This quiz has been taken 73 times
  • The average score is 49 of 78
Answer Stats
Hint Answer % Correct
2008 Lebron James
98%
2021 Stephen Curry
98%
2016 Stephen Curry
98%
2014 Kevin Durant
95%
2012 Kevin Durant
95%
2011 Kevin Durant
95%
2010 Kevin Durant
95%
1998 Michael Jordan
95%
1997 Michael Jordan
95%
1996 Michael Jordan
95%
1993 Michael Jordan
95%
1992 Michael Jordan
95%
1991 Michael Jordan
95%
1990 Michael Jordan
95%
1989 Michael Jordan
95%
1988 Michael Jordan
95%
1987 Michael Jordan
95%
2020 James Harden
88%
2019 James Harden
88%
2018 James Harden
88%
2007 Kobe Bryant
86%
2006 Kobe Bryant
86%
2024 Luka Doncic
86%
2000 Shaquille O'Neal
83%
1995 Shaquille O'Neal
83%
1966 Wilt Chamberlain
81%
1965 WIlt Chamberlain
81%
1964 WIlt Chamberlain
81%
1963 WIlt Chamberlain
81%
1962 WIlt Chamberlain
81%
1961 Wilt Chamberlain
81%
1960 WIlt Chamberlain
81%
2022 Joel Embiid
79%
1970 Jerry West
78%
2005 Allen Iverson
76%
2002 Allen Iverson
76%
2001 Allen Iverson
76%
1999 Allen Iverson
76%
1972 Kareem Abdul-Jabbar
72%
1971 Lew Alcindor
72%
2017 Russell Westbrook
72%
2015 Russell Westbrook
72%
2009 Dwyane Wade
69%
1994 David Robinson
62%
2013 Carmelo Anthony
59%
2004 Tracy Mcgrady
57%
2003 Tracy Mcgrady
57%
1959 Bob Pettit
55%
1956 Bob Pettit
55%
1951 George Mikan
52%
1950 George Mikan
52%
1949 George Mikan
52%
1982 George Gervin
47%
1980 George Gervin
47%
1979 George Gervin
47%
1978 George Gervin
47%
1976 Bob McAdoo
43%
1975 Bob McAdoo
43%
1974 Bob McAdoo
43%
1967 Rick Barry
40%
1985 Bernard King
36%
1969 Elvin Hayes
34%
1977 Pete Maravich
34%
1986 Dominique Wilkins
31%
1984 Adrian Dantley
29%
1981 Adrian Dantley
29%
1983 Alex English
29%
1957 Paul Arizin
29%
1952 Paul Arizin
29%
1973 Nate Archibald
24%
1947 Joe Fulks
17%
1968 Dave Bing
16%
1955 Neil Johnston
12%
1954 Neil Johnston
12%
1953 Neil Johnston
12%
1958 George Yardley
10%
1948 Max Zaslofsky
5%
2023 Joel Embid
2%
No matching quizzes found
Score Distribution
Percent of People with Each Score
Percentile by Number Answered
Your Score History
You have not taken this quiz